000
00312nam a22001457a 4500
008
210226b ||||| |||| 00| 0 eng d
020
_a
9781133949251
041
_a
eng
080
_2
8th
_a
61
082
_a
61
100
_a
3
101
_a
SHM
245
_a
An invitation to health
_c
Hales.D
942
_2
udc
_c
BK
999
_c
55283
_d
55283